<?xml version="1.0" encoding="UTF-8"?>
<collection xmlns="http://www.loc.gov/MARC21/slim">
<record>
  <controlfield tag="001">158153</controlfield>
  <controlfield tag="005">20250520134235.0</controlfield>
  <datafield tag="037" ind1=" " ind2=" ">
    <subfield code="a">GDOC-2024-28346</subfield>
  </datafield>
  <datafield tag="970" ind1=" " ind2=" ">
    <subfield code="a">GDOC-2024-28346</subfield>
  </datafield>
  <datafield tag="041" ind1=" " ind2=" ">
    <subfield code="a">spa</subfield>
  </datafield>
  <datafield tag="041" ind1=" " ind2=" ">
    <subfield code="a">eng</subfield>
  </datafield>
  <datafield tag="540" ind1=" " ind2=" ">
    <subfield code="a">by-nc-sa</subfield>
    <subfield code="b">Creative Commons</subfield>
    <subfield code="c">3.0</subfield>
    <subfield code="u">http://creativecommons.org/licenses/by-nc-sa/3.0/</subfield>
  </datafield>
  <datafield tag="260" ind1=" " ind2=" ">
    <subfield code="a">Zaragoza</subfield>
    <subfield code="b">Universidad de Zaragoza</subfield>
    <subfield code="c">2024-2025</subfield>
  </datafield>
  <datafield tag="245" ind1="0" ind2="0">
    <subfield code="9">28346</subfield>
    <subfield code="a">Trabajo fin de Grado</subfield>
  </datafield>
  <datafield tag="242" ind1="0" ind2="0">
    <subfield code="9">28346</subfield>
    <subfield code="a">Undergraduate Dissertation</subfield>
  </datafield>
  <datafield tag="100" ind1=" " ind2=" ">
    <subfield code="0">(orcid)0000-0003-0337-8271</subfield>
    <subfield code="a">Sebastián Cobarrubias, Baglietto</subfield>
    <subfield code="1">810285</subfield>
  </datafield>
  <datafield tag="700" ind1=" " ind2=" ">
    <subfield code="0">(orcid)0000-0002-5282-1930</subfield>
    <subfield code="a">Samuel Esteban, Rodríguez</subfield>
    <subfield code="1">474255</subfield>
  </datafield>
  <datafield tag="700" ind1=" " ind2=" ">
    <subfield code="a">Africa Heredia, Laclaustra</subfield>
    <subfield code="1">406078</subfield>
  </datafield>
  <datafield tag="700" ind1=" " ind2=" ">
    <subfield code="0">(orcid)0000-0003-4037-6902</subfield>
    <subfield code="a">María Luz Hernández, Navarro</subfield>
    <subfield code="1">118528</subfield>
  </datafield>
  <datafield tag="700" ind1=" " ind2=" ">
    <subfield code="0">(orcid)0000-0002-9123-304X</subfield>
    <subfield code="a">Raúl Hoffrén, Mansoa</subfield>
    <subfield code="1">705826</subfield>
  </datafield>
  <datafield tag="700" ind1=" " ind2=" ">
    <subfield code="0">(orcid)0000-0003-2627-7166</subfield>
    <subfield code="a">Asunción Julián, Andrés</subfield>
    <subfield code="1">135223</subfield>
  </datafield>
  <datafield tag="700" ind1=" " ind2=" ">
    <subfield code="0">(orcid)0000-0002-8954-7517</subfield>
    <subfield code="a">María Teresa Lamelas, Gracia</subfield>
    <subfield code="1">420407</subfield>
  </datafield>
  <datafield tag="700" ind1=" " ind2=" ">
    <subfield code="0">(orcid)0000-0001-9912-0739</subfield>
    <subfield code="a">Raúl Carlos Lardiés, Bosque</subfield>
    <subfield code="1">129863</subfield>
  </datafield>
  <datafield tag="700" ind1=" " ind2=" ">
    <subfield code="0">(orcid)0009-0002-8815-660X</subfield>
    <subfield code="a">Sergio Larraz, Juan</subfield>
    <subfield code="1">495696</subfield>
  </datafield>
  <datafield tag="700" ind1=" " ind2=" ">
    <subfield code="0">(orcid)0000-0002-9558-1308</subfield>
    <subfield code="a">Luis Alberto Longares, Aladrén</subfield>
    <subfield code="1">325364</subfield>
  </datafield>
  <datafield tag="700" ind1=" " ind2=" ">
    <subfield code="a">Marta López, de Torres</subfield>
    <subfield code="1">423266</subfield>
  </datafield>
  <datafield tag="700" ind1=" " ind2=" ">
    <subfield code="a">Diego Mallén, Alcón</subfield>
    <subfield code="1">430675</subfield>
  </datafield>
  <datafield tag="700" ind1=" " ind2=" ">
    <subfield code="0">(orcid)0000-0002-9745-5866</subfield>
    <subfield code="a">Alfredo Ollero, Ojeda</subfield>
    <subfield code="1">150206</subfield>
  </datafield>
  <datafield tag="700" ind1=" " ind2=" ">
    <subfield code="0">(orcid)0000-0003-4850-6177</subfield>
    <subfield code="a">Raúl Postigo, Vidal</subfield>
    <subfield code="1">536338</subfield>
  </datafield>
  <datafield tag="700" ind1=" " ind2=" ">
    <subfield code="0">(orcid)0000-0003-2615-270X</subfield>
    <subfield code="a">Juan Ramón de la Riva, Fernández</subfield>
    <subfield code="1">383790</subfield>
  </datafield>
  <datafield tag="700" ind1=" " ind2=" ">
    <subfield code="0">(orcid)0000-0002-9513-1075</subfield>
    <subfield code="a">Miguel Sánchez, Fabre</subfield>
    <subfield code="1">387698</subfield>
  </datafield>
  <datafield tag="700" ind1=" " ind2=" ">
    <subfield code="0">(orcid)0000-0001-8979-0253</subfield>
    <subfield code="a">Miguel Ángel Saz, Sánchez</subfield>
    <subfield code="1">308189</subfield>
  </datafield>
  <datafield tag="700" ind1=" " ind2=" ">
    <subfield code="0">(orcid)0000-0002-9541-5609</subfield>
    <subfield code="a">María Zúñiga, Antón</subfield>
    <subfield code="1">471707</subfield>
  </datafield>
  <datafield tag="830" ind1=" " ind2=" ">
    <subfield code="9">419</subfield>
  </datafield>
  <datafield tag="856" ind1="4" ind2=" ">
    <subfield code="s">7137</subfield>
    <subfield code="u">http://zaguan.unizar.es/record/158153/files/guia-28346-en.pdf</subfield>
    <subfield code="y">Guide (english)</subfield>
  </datafield>
  <datafield tag="856" ind1="4" ind2=" ">
    <subfield code="s">7219</subfield>
    <subfield code="u">http://zaguan.unizar.es/record/158153/files/guia-28346-es.pdf</subfield>
    <subfield code="y">Guía (idioma español)</subfield>
  </datafield>
  <datafield tag="521" ind1=" " ind2=" ">
    <subfield code="9">135</subfield>
    <subfield code="a">Grado en Geografía y Ordenación del Territorio</subfield>
    <subfield code="b">Degree in Geography and Land Management</subfield>
  </datafield>
  <datafield tag="980" ind1=" " ind2=" ">
    <subfield code="a">GDOC</subfield>
    <subfield code="b">Ciencias Sociales y Jurídicas</subfield>
    <subfield code="b">Social Sciences and Law</subfield>
    <subfield code="c">103</subfield>
  </datafield>
</record>
</collection>